000 00812nam a2200241 a 4500
001 68987
003 BD-RjUL
005 20211209081833.0
008 170409s1965 nyua b 001 0 eng
035 _a(BD-RjUL)69198
040 _aDLC
_cPPD
_dBD-RjUL
_beng
041 _aeng
082 _a660.60151
_223
_bMOD 1965
100 1 _aHove, J. E.
_q(John E.),
_9204382
245 1 0 _aModern ceramics :
_bsome principles and concepts /
_cedited by J.E. Hove [and] W.C. Riley.
260 _aNew York :
_bJ. Wiley,
_c1965
300 _axi, 409 p. :
_bill. ;
_c24 cm.
490 1 _aUniversity of California engineering and physical sciences extension series
504 _aIncludes bibliographies.
650 0 _aCeramics.
_9160335
700 1 _aRiley, W. C.
_q(William Clark),
_d1926-
_ejoint ed.
_9204383
942 _2ddc
_cBK
999 _c68987
_d68987